[Event "AUTO-OPEN-974"]
[Site "http://www.queenalice.com/game.php?id=413599"]
[Date "2008.6.5"]
[Round "2"]
[White "Boeing"]
[Black "benilux"]
[Result "1-0"]
[WhiteElo "1940"]
[BlackElo "1699"]

1. e4 e5 2. Nf3 Bc5 3. d4 exd4 4. Nxd4 Qh4 5. Nc3 d5 6. g3 Bg4 7. Be2 Qh5 8.
Bxg4 Qe5 9. Ndb5 Na6 10. Bf4 Qe7 11. Qe2 dxe4 12. Nd5 Bxf2+ 13. Qxf2 Nb4 14.
Nxe7 1-0

[Event "AUTO-OPEN-974"]
[Site "http://www.queenalice.com/game.php?id=413600"]
[Date "2008.6.5"]
[Round "2"]
[White "benilux"]
[Black "jnable"]
[Result "0-1"]
[WhiteElo "1705"]
[BlackElo "1967"]

1. d4 d5 2. b4 e5 3. Bb2 Bxb4+ 4. Nc3 e4 5. e3 Nf6 6. a3 Ba5 7. Ne2 Bg4 8. Qb1
Nbd7 9. Nf4 c6 10. Be2 h5 11. O-O g5 12. Bxg4 hxg4 13. a4 gxf4 14. exf4 Nh5 15.
Ne2 Qh4 16. h3 gxh3 17. g3 Qg4 18. Bc3 Qf3 19. Qxb7 Qg2# 0-1

[Event "AUTO-OPEN-974"]
[Site "http://www.queenalice.com/game.php?id=413601"]
[Date "2008.6.5"]
[Round "2"]
[White "jnable"]
[Black "benilux"]
[Result "1-0"]
[WhiteElo "1983"]
[BlackElo "1687"]

1. e4 e5 2. Nf3 Nc6 3. Bc4 Nf6 4. Qe2 Ng4 5. O-O Bc5 6. h3 Bxf2+ 7. Rxf2 Nxf2 8.
Qxf2 d6 9. d4 Nxd4 10. Nxd4 Qe7 11. Nf5 Bxf5 12. Qxf5 O-O 13. Bg5 g6 14. Bxe7
gxf5 15. Bxf8 Kxf8 16. Nd2 f4 17. Nf3 Kg7 18. Ng5 f6 19. Ne6+ Kg6 20. Rd1 c6 21.
Rxd6 b5 22. Bb3 Rc8 23. Rd7 a5 24. c4 a4 25. Bd1 Re8 26. Rg7+ Kh6 27. Bg4 Rxe6
28. Rxh7+ Kxh7 29. Bxe6 Kg6 30. c5 1-0

[Event "Challenge"]
[Site "http://www.queenalice.com/game.php?id=418272"]
[Date "2008.6.16"]
[Round "-"]
[White "rdaigle2003"]
[Black "benilux"]
[Result "0-1"]
[WhiteElo "1595"]
[BlackElo "1692"]

1. e4 e5 2. Nf3 d6 3. d3 Be6 4. Ng5 Qf6 5. Nxe6 Qxe6 6. Nc3 Nd7 7. Nb5 Kd8 8. d4
d5 9. Nc3 Bb4 10. Bd2 exd4 11. Ne2 Bxd2+ 12. Qxd2 Qxe4 13. Qxd4 Qxd4 14. Nxd4
Ngf6 15. c4 Re8+ 16. Be2 dxc4 17. O-O Re4 18. Rfd1 c5 19. Bf3 Rxd4 20. Bxb7 Rb8
21. Ba6 Rxb2 22. Rxd4 c3 23. Rc4 c2 24. Rc1 Nd5 25. Ra4 Nc3 26. Rc4 Ne2+ 27. Kf1
Nxc1 28. a4 Nb3 29. Ke2 c1=Q+ 0-1

[Event "Challenge"]
[Site "http://www.queenalice.com/game.php?id=431007"]
[Date "2008.7.10"]
[Round "-"]
[White "Lightningzap007"]
[Black "benilux"]
[Result "1-0"]
[WhiteElo "1669"]
[BlackElo "1742"]

1. e4 e5 2. Bc4 Nf6 3. Nf3 d5 4. exd5 Nxd5 5. Bxd5 Qxd5 6. Nc3 Qa5 7. O-O Bf5 8.
d3 Nc6 9. Re1 Bd6 10. Bd2 Bb4 11. a3 Bxc3 12. Bxc3 Qd5 13. Nxe5 O-O 14. Nxc6
Qxc6 15. Qh5 g6 16. Qh6 f6 17. Re7 Rf7 18. Rxf7 Kxf7 19. Qxh7+ Ke6 20. Re1+ Kd6
21. Qe7+ Kd5 22. Re5+ fxe5 23. Qxe5# 1-0

[Event "Challenge"]
[Site "http://www.queenalice.com/game.php?id=446603"]
[Date "2008.8.10"]
[Round "-"]
[White "Ryjamo"]
[Black "benilux"]
[Result "0-1"]
[WhiteElo "1872"]
[BlackElo "1702"]

1. e4 e5 2. Nf3 d6 3. b3 Nf6 4. Nc3 c6 5. d4 exd4 6. Nxd4 d5 7. e5 Ne4 8. Nxe4
dxe4 9. Be3 Qa5+ 10. Qd2 Bb4 11. O-O-O Bxd2+ 12. Bxd2 Qxe5 13. Bc3 Qf4+ 14. Rd2
O-O 15. g3 Qg5 16. Bg2 e3 17. f4 Qc5 18. Rd3 Re8 19. Re1 Bg4 20. Rexe3 Rxe3 21.
Rxe3 Nd7 22. b4 Qc4 23. a3 Nf6 24. Kb2 Rd8 0-1

[Event "Challenge"]
[Site "http://www.queenalice.com/game.php?id=457282"]
[Date "2008.9.2"]
[Round "-"]
[White "Saintsalles"]
[Black "benilux"]
[Result "1-0"]
[WhiteElo "1720"]
[BlackElo "1760"]

1. e4 e5 2. Bc4 Nf6 3. d3 Bc5 4. h3 d6 5. Bg5 h6 6. Bxf6 Qxf6 7. Nf3 Be6 8. Bxe6
Qxe6 9. a3 O-O 10. Nc3 Bd4 11. Nxd4 Qg6 12. Nde2 a5 13. g3 Nd7 14. Nd5 Rae8 15.
Nxc7 Re7 16. Nd5 Ree8 17. Qd2 a4 18. O-O-O f5 19. exf5 Qxf5 20. Rdf1 e4 21. Ne3
Qe6 22. Kb1 Nc5 23. d4 Na6 24. d5 Qd7 25. Nf4 Nc5 26. Qd4 Rf7 27. Nh5 Ref8 28.
Rh2 Rf3 29. Nf4 g5 30. Ne6 Nxe6 31. dxe6 Qb5 32. Qxe4 Rxe3 33. Qg6+ Kh8 34.
Qxh6+ Kg8 35. Qg6+ Kh8 36. Rhh1 Qe2 37. fxe3 Rxf1+ 38. Rxf1 Qxf1+ 39. Ka2 Qf8
40. Qxg5 Qe8 41. Qf6+ Kg8 42. Qf7+ Qxf7 43. exf7+ Kxf7 44. b3 b5 45. b4 Kf6 46.
c3 Kf5 47. g4+ Kg5 48. Kb2 1-0

[Event "A-O SE invitionl"]
[Site "http://www.queenalice.com/game.php?id=464110"]
[Date "2008.9.16"]
[Round "4"]
[White "Ginormous"]
[Black "benilux"]
[Result "0-1"]
[WhiteElo "1474"]
[BlackElo "1762"]

1. e4 e5 2. Nf3 Bd6 3. Nc3 b6 4. d4 Qe7 5. Bg5 Nf6 6. Bc4 h6 7. Bh4 Bb7 8. Qd3
Bb4 9. Nxe5 Bxc3+ 10. bxc3 g5 11. Nxf7 Bxe4 12. Qe3 Ng4 13. Qe2 Rf8 14. O-O d5
15. Qxg4 gxh4 16. Nxh6 dxc4 17. Rfe1 Qf6 18. Rxe4+ Kd8 19. Nf5 Qxf5 20. Qxf5
Rxf5 21. Rxh4 Kd7 22. Re1 Nc6 23. Rh7+ Kd6 24. Rd1 Ne7 25. f3 Ra5 26. Re1 Nf5
27. Rf7 Kc6 28. Re6+ Kb7 29. h3 Nd6 30. Rxd6 Rxa2 31. Rdd7 Rc8 32. d5 Rxc2 33.
d6 Rd2 34. Rxc7+ Rxc7 35. dxc7 Rd6 36. f4 a5 37. f5 a4 38. Re7 Rf6 39. g4 a3 40.
c8=Q+ Kxc8 41. Ra7 Rd6 42. Rxa3 Rd3 43. Kg2 b5 44. h4 b4 45. Ra4 bxc3 46. Rxc4+
Kd7 47. g5 Rd2+ 48. Kf3 c2 49. Ke4 Rh2 50. Rd4+ Ke8 51. Kd3 c1=Q 52. Rc4 Qf1+
53. Kd4 Rxh4+ 0-1

[Event "Challenge"]
[Site "http://www.queenalice.com/game.php?id=472541"]
[Date "2008.10.4"]
[Round "-"]
[White "MASTROIANNI"]
[Black "benilux"]
[Result "0-1"]
[WhiteElo "1664"]
[BlackElo "1743"]

1. d4 d5 2. Nf3 Bf5 3. c3 Nd7 4. Qb3 Ngf6 5. Qxb7 c5 6. Qb5 cxd4 7. Nxd4 e5 8.
Nxf5 g6 9. Ne3 Bc5 10. b4 Be7 11. Nxd5 O-O 12. Bh6 Re8 13. e3 Ng4 14. Qc4 Nxh6
15. Nc7 Rc8 16. Qe4 Qxc7 17. Bd3 Bxb4 18. Qxb4 Nc5 19. Qc4 e4 20. Bxe4 Nxe4 21.
Qxc7 Rxc7 22. O-O Ng4 23. a4 Nxc3 24. Nxc3 Rxc3 25. h3 Ne5 26. f4 Nc4 27. Rab1
Nxe3 28. Rfe1 Re4 29. g3 Rxa4 30. Kf2 Nf5 31. g4 Rxf4+ 32. Kg2 Nh4+ 33. Kh2 Rf2+
34. Kg1 Rg2+ 35. Kh1 Rxh3# 0-1

[Event "AUTO-ADV-1081"]
[Site "http://www.queenalice.com/game.php?id=480902"]
[Date "2008.10.22"]
[Round "1"]
[White "kingpatrick"]
[Black "benilux"]
[Result "0-1"]
[WhiteElo "1948"]
[BlackElo "1710"]

1. d4 d5 2. e4 dxe4 3. Nc3 Nf6 4. f3 Bf5 5. Bg5 Nd5 6. Nxe4 Ne3 7. Bxe3 Nc6 8.
Bd3 Qd5 9. c3 O-O-O 10. Ne2 e5 11. O-O Qe6 12. Nc5 Bxc5 13. b4 Bb6 14. Qc2 Bg6
15. Bxg6 hxg6 16. Rfd1 exd4 17. Bxd4 Nxd4 18. Nxd4 Qe3+ 19. Qf2 Qxc3 20. Kh1
Bxd4 21. Qg3 Qxa1 22. Rxa1 Bxa1 23. Qe1 Bc3 24. Qf1 Rhe8 25. Kg1 Re1 0-1

[Event "AUTO-ADV-1081"]
[Site "http://www.queenalice.com/game.php?id=480903"]
[Date "2008.10.22"]
[Round "1"]
[White "benilux"]
[Black "kingpatrick"]
[Result "0-1"]
[WhiteElo "1766"]
[BlackElo "1898"]

1. Nf3 Nf6 2. d4 e6 3. Bg5 Be7 4. Nc3 O-O 5. e4 a6 6. d5 exd5 7. Nxd5 d6 8. Qd3
Nxd5 9. Qxd5 Bxg5 10. Nxg5 c6 11. Qd2 Qf6 12. c3 h6 13. Nf3 Re8 14. Bd3 c5 15.
O-O Nc6 16. Rae1 Bg4 17. Re3 Ne5 18. Nxe5 Rxe5 19. Rg3 Be6 20. f4 Rh5 21. c4 Qh4
22. Qc3 Qxh2+ 23. Kf2 f6 24. Qxf6 Qxg3+ 25. Kxg3 gxf6 26. Be2 Bf7 27. Bxh5 Bxc4
28. Rd1 Rd8 29. e5 fxe5 30. fxe5 d5 31. e6 Kf8 32. b3 Bb5 33. Re1 Ke7 34. Kh4 d4
35. Bg6 d3 36. a4 d2 37. Rd1 Be2 38. Bh5 Bxd1 39. Bxd1 Kxe6 40. Kh5 Rd3 41. Kxh6
Kf6 42. g4 Rh3# 0-1

[Event "AUTO-ADV-1081"]
[Site "http://www.queenalice.com/game.php?id=480918"]
[Date "2008.10.22"]
[Round "1"]
[White "LuizFernandes"]
[Black "benilux"]
[Result "1-0"]
[WhiteElo "1861"]
[BlackElo "1755"]

1. e4 e5 2. Bc4 Nc6 3. Qf3 Nf6 4. d3 Nd4 5. Qd1 Bc5 6. Nf3 d5 7. exd5 Bg4 8.
Nbd2 Nxd5 9. O-O Nb6 10. Bxf7+ Ke7 11. Bb3 Qd6 12. Ne4 Qc6 13. Bg5+ Ke8 14. Ned2
h6 15. Be3 Nxf3+ 16. Nxf3 Bxf3 17. Qxf3 Qxf3 18. gxf3 Nd7 19. Rfe1 b6 20. Bxc5
Nxc5 21. Rxe5+ Kd7 22. d4 Nxb3 23. axb3 Rhf8 24. Kg2 a5 25. Rae1 Rae8 26. Rxe8
Rxe8 27. Rxe8 Kxe8 28. Kg3 Ke7 29. Kf4 Kf6 30. h4 h5 31. Ke4 g5 32. f4 gxh4 33.
Kf3 Kf5 34. c4 h3 35. Kg3 h2 36. Kxh2 Kxf4 37. Kg2 b5 38. c5 Ke4 39. Kg3 Kxd4
40. Kh4 Kxc5 41. f4 Kd6 42. Kxh5 Ke7 43. Kg6 Kf8 44. Kf6 c5 45. Ke5 c4 46. bxc4
bxc4 47. Kd4 Kf7 48. Kxc4 1-0

[Event "AUTO-ADV-1081"]
[Site "http://www.queenalice.com/game.php?id=480928"]
[Date "2008.10.22"]
[Round "1"]
[White "carver"]
[Black "benilux"]
[Result "1-0"]
[WhiteElo "1999"]
[BlackElo "1736"]

1. d4 d5 2. c4 c6 3. Nc3 Nf6 4. Bf4 Be6 5. cxd5 Bxd5 6. Nxd5 Nxd5 7. Bg3 e6 8.
Nf3 Bd6 9. Be5 Bxe5 10. Nxe5 Nd7 11. Nf3 O-O 12. e3 Qf6 13. Bd3 e5 14. Be4 a5
15. a3 Ra6 16. Rb1 b5 17. Bxd5 cxd5 18. dxe5 Nxe5 19. Qxd5 Qg6 20. O-O Nxf3+ 21.
Qxf3 Rc8 22. Qb7 Qc6 23. Qe7 Qe6 24. Qxe6 Rxe6 25. Rfd1 Rec6 26. g3 Rc2 27. Kg2
g5 28. Rd5 R2c5 29. Rxc5 Rxc5 30. b4 axb4 31. Rxb4 h5 32. h4 g4 33. a4 bxa4 34.
Rxa4 Rf5 35. Rf4 Rxf4 36. gxf4 f5 37. Kf1 Kf7 38. Ke1 Ke6 39. Kd2 Kd5 40. Kd3
Ke6 41. Kd4 Kd6 42. e4 Ke6 43. e5 1-0

[Event "AUTO-ADV-1081"]
[Site "http://www.queenalice.com/game.php?id=480929"]
[Date "2008.10.22"]
[Round "1"]
[White "benilux"]
[Black "carver"]
[Result "0-1"]
[WhiteElo "1725"]
[BlackElo "1979"]

1. e4 e5 2. Nf3 Nc6 3. Bc4 h6 4. d4 d6 5. dxe5 dxe5 6. Nbd2 Bg4 7. O-O a6 8. a4
Nf6 9. b3 Bb4 10. h3 Bh5 11. Bd3 O-O 12. Ba3 Qe7 13. c3 Bxa3 14. Nc4 Bd6 15. a5
Rad8 16. b4 Qe6 17. Nxd6 Rxd6 18. Qe2 Rfd8 19. Rfd1 Bxf3 20. Qxf3 Ne7 21. c4 Qd7
22. Bc2 Nc6 23. Ba4 Qe6 24. Bb3 Nd4 25. Qe3 Nxb3 26. Qxb3 Rxd1+ 27. Rxd1 Rxd1+
28. Qxd1 Qd6 29. Qb1 Qd4 0-1

[Event "AUTO-INT-777"]
[Site "http://www.queenalice.com/game.php?id=483192"]
[Date "2008.10.26"]
[Round "3"]
[White "marno"]
[Black "benilux"]
[Result "1-0"]
[WhiteElo "1841"]
[BlackElo "1719"]

1. d4 d5 2. c4 Nf6 3. cxd5 Nxd5 4. e4 Nb6 5. Nc3 e6 6. Be3 c6 7. Nf3 Bb4 8. a3
Bxc3+ 9. bxc3 O-O 10. Bd3 N6d7 11. e5 Qa5 12. Bd2 Qb6 13. O-O c5 14. Bxh7+ Kxh7
15. Ng5+ Kg8 16. Qh5 Rd8 17. Qxf7+ Kh8 18. Qh5+ Kg8 19. Qh7+ Kf8 20. Qh8+ Ke7
21. Qxg7+ Ke8 22. Qf7# 1-0

[Event "AUTO-INT-777"]
[Site "http://www.queenalice.com/game.php?id=483193"]
[Date "2008.10.26"]
[Round "3"]
[White "benilux"]
[Black "mizu"]
[Result "0-1"]
[WhiteElo "1756"]
[BlackElo "1653"]

1. d4 d5 2. e3 Nf6 3. Be2 e6 4. c4 Be7 5. b3 O-O 6. Ba3 Nc6 7. Nh3 e5 8. dxe5
Nxe5 9. Nf4 Ne4 10. Bxe7 Qxe7 11. Nxd5 Qg5 12. g3 Nc6 13. Nxc7 Qa5+ 14. Nd2 Nxd2
15. Qxd2 Qxc7 16. O-O-O Qe5 17. Bd3 Bf5 18. f4 Qa1+ 19. Kc2 Qxa2+ 20. Kc3 Qa5+
21. Kb2 Qxd2+ 22. Rxd2 Bxd3 23. Rxd3 Rad8 24. Rhd1 Rxd3 25. Rxd3 Rd8 26. Kc3
Rxd3+ 27. Kxd3 f6 28. c5 Kf7 29. Ke4 g6 30. f5 Ke7 31. fxg6 hxg6 32. Kd5 Kd7 33.
e4 Ke7 34. Kc4 Ke6 35. b4 a6 36. b5 axb5+ 37. Kxb5 Ke5 38. Kb6 Kxe4 39. Kxb7 Kd5
40. Kb6 Nd4 41. h4 f5 42. Kc7 Kxc5 43. Kd7 Kd5 44. Ke7 Ke5 45. Kf7 g5 46. hxg5
Nf3 47. g6 Ng5+ 48. Kg8 Kf6 49. g7 Ne6 50. Kh7 Nxg7 0-1

[Event "AUTO-INT-777"]
[Site "http://www.queenalice.com/game.php?id=483194"]
[Date "2008.10.26"]
[Round "3"]
[White "mizu"]
[Black "benilux"]
[Result "0-1"]
[WhiteElo "1726"]
[BlackElo "1731"]

1. e4 e5 2. Nf3 Nc6 3. Bb5 Nf6 4. O-O d5 5. Nxe5 Qd6 6. d4 Be6 7. Nxc6 bxc6 8.
e5 Qb4 9. Be2 c5 10. c3 Qb7 11. exf6 cxd4 12. fxg7 Bxg7 13. cxd4 O-O 14. b3 c5
15. Bb2 c4 16. Bc3 Rae8 17. Re1 Re7 18. Nd2 cxb3 19. Nxb3 Qc7 20. Nc5 Rfe8 21.
Bf3 Qd6 22. Nxe6 Rxe6 23. Rxe6 Rxe6 24. g3 Qa3 25. Qd3 Rc6 26. Qb5 Qxc3 0-1

[Event "Challenge"]
[Site "http://www.queenalice.com/game.php?id=484287"]
[Date "2008.10.28"]
[Round "-"]
[White "ORNELAS"]
[Black "benilux"]
[Result "1-0"]
[WhiteElo "1590"]
[BlackElo "1723"]

1. d4 d5 2. e3 Nf6 3. Nd2 e6 4. c4 Bb4 5. a3 Bd6 6. c5 Bxc5 7. dxc5 c6 8. b4 Ng4
9. Qxg4 O-O 10. Bd3 a5 11. Bb2 g6 12. Ngf3 e5 13. Qg5 e4 14. Qh6 f6 15. Bc2 exf3
16. Nxf3 axb4 17. Bxg6 1-0

[Event "Challenge"]
[Site "http://www.queenalice.com/game.php?id=485286"]
[Date "2008.10.30"]
[Round "-"]
[White "benilux"]
[Black "Saintsalles"]
[Result "1-0"]
[WhiteElo "1747"]
[BlackElo "1711"]

1. e4 e5 2. Nf3 f6 3. Bc4 Bc5 4. Bxg8 Rxg8 5. d4 exd4 6. Nxd4 a6 7. Qh5+ g6 8.
Qxc5 d6 9. Qb4 c5 10. Qb3 Rg7 11. Ne6 Bxe6 12. Qxe6+ Re7 13. Qd5 Nc6 14. Bf4 f5
15. Nd2 Rf7 16. Bxd6 Qd7 17. Bxc5 Qxd5 18. exd5 Ne5 19. O-O-O Rc8 20. Rhe1 Rxc5
21. Rxe5+ Kd7 22. Nb3 Rc8 23. d6 b6 24. a4 Rc4 25. a5 Re4 26. Rxe4 fxe4 27. axb6
Kc6 28. h4 Rd7 29. Nc5 Kxc5 30. b7 Rxb7 31. d7 Rxd7 32. Rxd7 h6 33. c3 Kc6 34.
Rg7 g5 35. hxg5 hxg5 36. Rxg5 a5 37. Rxa5 Kb6 38. b4 Kc6 39. g4 Kb6 40. g5 1-0